[Event "EYCC 2017"]
[Site "Mamaia"]
[Date "2017.09.05"]
[Round "1"]
[White "Gaifullin, Artur"]
[Black "Dalgar, Hakki Berat"]
[Result "1-0"]
[WhiteElo "2413"]
[BlackElo "2136"]
[Annotator "TA"]
[PlyCount "99"]
[EventDate "2017.??.??"]
[EventType "swiss"]
[EventCountry "ROU"]
[SourceTitle "playchess.com"]
[Source "ChessBase"]
[SourceQuality "1"]

{[%evp 26,99,84,82,118,109,123,63,139,128,397,430,410,425,416,394,412,400,682,648,677,649,707,709,706,647,970,968,935,927,1104,1054,1475,1456,1446,1456,1250,1203,6584,6619,3391,1102,1535,679,678,628,614,504,479,379,379,363,355,335,421,421,421,393,535,534,534,534,525,493,522,518,519,508,502,479,435,423,5689,5585,5177,1593]} 1. d4 d5 2. Nf3 Nf6 3. c4 c6 4. e3 e6 5. Bd3 Nbd7 6. O-O Bd6 7. Nbd2 O-O 8. e4 dxe4 9. Nxe4 Nxe4 10. Bxe4 h6 11. Bc2 Qc7 {D46: Semi-Slav: 5 e3 Nbd7 6 Bd3, Black avoids the Meran} (11... e5 12. b4 Re8 13. c5 Bc7 14. Re1 exd4 15. Rxe8+ Qxe8 16. Bb2 Ne5 17. Qxd4 Nxf3+ 18. gxf3 f6 19. Qd3 Qh5 20. h4 Be6 21. Bxf6 gxf6 22. Qh7+ Kf8 23. Qxc7 {½-½ (23) Matlakov,M (2693)-Mozharov,M (2555) Moscow 2015}) 12. b3 b6 13. Qd3 Nf6 14. Bb2 {LiveBook: 4 Games} Rd8 15. Rfe1 {Strongly threatening d5!} Bb7 {[#]} 16. Rad1 (16. d5 $1 $16 {[%mdl 512]} Qe7 (16... cxd5 17. Bxf6) 17. Bxf6 Qxf6 18. Qh7+ Kf8 19. dxe6 fxe6 20. Rab1 (20. Rad1 Bb4 $14)) 16... Rac8 $146 ({Better is} 16... Kf8 $14) ({Find the theoretical novelty and annotate with similar games:} 16... Kf8 17. h3 a5 18. Nh4 Be7 19. Re3 Ba6 20. Rg3 {1-0 (64) Xiao,Y (2287)-Geldyeva,M (2169) Chengdu 2017}) 17. h3 $16 Rd7 $2 {[%mdl 8192] [#]} (17... Qe7 $16 {was necessary.}) 18. d5 $1 $18 {[%mdl 512]} cxd5 19. Bxf6 $1 gxf6 20. Qh7+ Kf8 21. Nh4 {Intending Qh8+ and mate.} Be5 (21... Ke8 $142 22. Qg8+ (22. Qxh6 Bh2+ 23. Kh1 Bd6 $18) 22... Bf8) 22. f4 Qc5+ 23. Kh1 Qf2 24. Qxh6+ ({Stronger than} 24. fxe5 Qxh4 25. exf6 Qxf6 $11) 24... Ke7 25. fxe5 Qxc2 26. exf6+ Kd8 27. Rc1 Qb2 28. cxd5 {[%cal Rh6h8]} Rc5 29. Qf8+ Kc7 30. Rxc5+ bxc5 31. Qxc5+ Kd8 32. dxe6 fxe6 33. Qg5 {Threatening mate with f7+.} Kc7 34. Qc1+ Qxc1 35. Rxc1+ {[%mdl 4096] Endgame KRB-KRN} Kd8 36. Rf1 Ke8 37. Nf3 Rd5 38. Rc1 Rf5 39. Rc7 Bd5 40. f7+ Kf8 41. h4 Rxf7 42. Rxf7+ {White is clearly winning.} Kxf7 {KB-KN} 43. Kg1 Kf6 44. Kf2 Kf5 45. g3 e5 46. Nh2 Ke4 47. Ng4 Be6 48. Ne3 a5 (48... Bf7 $142 49. Nc4 Bh5) 49. h5 Bf7 50. Ng4 {Precision: White = 76%, Black = 27%.} 1-0

[Event "EYCC 2017"]
[Site "Mamaia"]
[Date "2017.09.05"]
[Round "1"]
[White "Garcia Martin, Marta"]
[Black "Cimpean, Andra"]
[Result "1/2-1/2"]
[WhiteElo "2411"]
[BlackElo "1959"]
[Annotator "TA"]
[PlyCount "119"]
[EventDate "2017.??.??"]
[EventType "swiss"]
[EventCountry "ROU"]
[SourceTitle "playchess.com"]
[Source "ChessBase"]
[SourceQuality "1"]

{[%evp 15,119,16,55,16,63,50,47,30,102,93,106,54,64,33,33,32,101,101,105,102,104,97,135,139,144,135,137,91,89,86,120,110,118,132,170,167,150,8,165,170,196,186,206,156,262,266,271,271,268,267,252,270,258,254,281,221,219,215,230,223,219,188,231,155,220,194,248,220,271,262,284,281,289,289,285,275,320,272,745,729,689,683,675,651,702,311,423,311,429,395,401,387,501,496,462,449,438,438,561,531,520,508,674,653,709,690]} 1. e4 Nf6 2. e5 Nd5 3. d4 d6 4. Bc4 c6 5. Nf3 g6 6. Qe2 Bg7 7. h3 O-O 8. O-O Bf5 {LiveBook: 5 Games. B04: Alekhine's Defence: 4 Nf3} (8... dxe5 9. dxe5 Qc7 10. Re1 h6 11. Nbd2 Bf5 12. Nf1 Nd7 13. Ng3 Be6 14. Bb3 Nc5 15. Nd4 Nxb3 16. axb3 Qc8 17. c3 c5 {1-0 (30) Kramnik,V (2788)-Ponomariov,R (2718) Moscow 2008}) 9. Bb3 Nc7 $146 ({Predecessor:} 9... a5 10. a3 a4 11. Ba2 Nd7 12. c4 Bxb1 13. Rxb1 Nc7 14. Rd1 dxe5 15. Nxe5 Qc8 16. Nf3 {½-½ (68) Lujan,C (2353)-Yermolinsky,A (2531) Montevideo 2015}) 10. Nc3 d5 {White is slightly better.} 11. Nh4 Nd7 (11... Bc8 $11) 12. Nxf5 $16 gxf5 13. Qh5 ({Better is} 13. Nb1 $16) 13... c5 $14 14. Nxd5 Nxd5 15. Bxd5 {Strongly threatening Rd1.} e6 (15... cxd4 $14 16. Bxb7 Rb8) 16. Bxb7 $16 Rb8 17. dxc5 Nxc5 18. Bf3 Bxe5 19. Bh6 $36 {[%mdl 2048] And now Rad1 would win. White is in control.} Bg7 20. Rad1 Qf6 21. Bxg7 Kxg7 22. b3 Rb4 {[#] aiming for ...Rh4.} 23. Be2 Rh4 24. Qf3 Ne4 25. Qe3 Rg8 26. Bd3 ({Don't play} 26. Qxa7 $6 Kh8 $14) (26. Bf3 $16) 26... Kh8 $2 (26... Nc3 $11) 27. Bxe4 $1 $18 ({Stronger than} 27. Qxa7 Nc3 $11) 27... fxe4 28. Kh2 ({Don't go for} 28. Qxa7 $2 Qf3 $19) 28... Qg7 {[%csl Gg8][%cal Rg7g2]} 29. Rg1 a5 (29... f5 $16 {was called for.} 30. c4 Rh6) 30. g3 Rh5 31. Qxe4 Re5 32. Qc4 Qf6 33. Kg2 Rf5 34. Qd4 e5 35. Qe3 Qc6+ 36. Kh2 Qxc2 37. Rd2 Qc6 38. Rgd1 Qf6 39. Re1 Rc8 (39... e4 $16 {was necessary.}) 40. Kg2 Qe6 (40... Kg7 $142 41. g4 Rg5) 41. Qe4 h5 42. Kg1 Kg7 {[#]} 43. Rd6 $1 {[%mdl 512]} Qxd6 44. Qxf5 {[%mdl 4096] Endgame KQR-KQR} Rc5 45. Qxh5 f6 46. Re4 Kf8 $2 (46... Rc1+ 47. Kg2 Qc6) 47. Qh8+ Kf7 48. Qh7+ Ke6 49. Qg8+ Kd7 50. Re1 (50. Rh4 $142) 50... Kc7 51. Qh7+ Kb6 52. Qf5 Rc6 53. Qe4 Qa3 54. Qe3+ {White is clearly winning.} Kb7 55. Qe2 Qc5 56. h4 {[%cal Bh3h4,Bh4h5,Bh5h6][%mdl 32]} Qb6 57. h5 Rc3 58. Kg2 Qc5 59. Qe4+ Kb6 60. h6 {[%mdl 32768] Precision: White = 58%, Black = 27%. . An unexpected result.} 1/2-1/2

[Event "EYCC 2017"]
[Site "Mamaia"]
[Date "2017.09.05"]
[Round "1"]
[White "Parkhov, Yair"]
[Black "Kistrup, Nicolai"]
[Result "1-0"]
[WhiteElo "2382"]
[BlackElo "2107"]
[Annotator "TA"]
[PlyCount "81"]
[EventDate "2017.??.??"]
[EventType "swiss"]
[EventCountry "ROU"]
[SourceTitle "playchess.com"]
[Source "ChessBase"]
[SourceQuality "1"]

{[%evp 18,81,29,22,52,41,80,79,123,79,78,55,77,54,52,50,58,55,52,58,49,48,37,34,68,68,58,58,81,74,106,110,104,102,228,241,404,397,389,413,396,399,403,388,388,388,362,296,320,215,386,387,616,587,957,952,890,857,1300,1279,1185,1239,1239,1212,29976,29977]} 1. d4 Nf6 2. c4 e6 3. g3 d5 4. Bg2 Be7 5. Nf3 O-O 6. Qc2 dxc4 7. Qxc4 Nbd7 8. O-O c5 9. dxc5 Nxc5 10. Nc3 {LiveBook: 4 Games. E02: Open Catalan: 5 Qa4+} Bd7 11. Ne5 (11. b4 Na4 12. Nxa4 Bxa4 13. Bd2 Rc8 14. Qd4 Qxd4 15. Nxd4 Rfd8 16. e3 e5 17. Nf3 Ne4 18. Bc1 Bb5 {0-1 (18) Hoelzl,F (2334)-Boensch,U (2528) Austria 2013}) 11... Bd6 $146 ({Predecessor:} 11... Rc8 12. Be3 Be8 13. Qf4 Qc7 14. Bd4 Nfd7 15. Rfc1 Nxe5 16. Bxe5 Qb6 17. Bd4 Bc6 {½-½ (42) Iriarte Gomez,E (2214)-Garcia Gil,J (2340) ICCF email 2005}) 12. Nxd7 {White is better.} Qxd7 13. Bg5 Rac8 14. Qd4 (14. Bxf6 $5 gxf6 15. Rad1 $16) 14... Qe7 15. Nb5 Bb8 16. Rad1 a6 17. Nd6 Bxd6 18. Bxf6 $1 gxf6 19. Qxd6 Qxd6 20. Rxd6 Rc7 21. Rb6 Na4 22. Rxb7 Rxb7 23. Bxb7 $14 {[%mdl 4096] Endgame KRB-KRN} Rb8 24. Bxa6 Rxb2 25. Ra1 $1 Nc3 {[#]} (25... f5 $16) 26. a4 $1 $18 {[%cal Ba2a4,Ba4a5,Ba5a6,Ba6a7][%mdl 32]} Nxe2+ $2 (26... Ne4 {was called for.} 27. a5 f5) 27. Bxe2 Rxe2 {KR-KR} 28. a5 Rb2 29. a6 {a7 is the strong threat.} Rb8 30. a7 Ra8 31. Kg2 Kf8 32. Kh3 f5 33. Kh4 Kg7 $2 (33... h6 34. Kh5 Kg7) 34. Kg5 h6+ (34... f6+ $142 35. Kh5 h6) 35. Kf4 Kf6 36. Ra6 Ke7 37. Ke5 f6+ 38. Kd4 Kd7 39. Kc5 Kc7 40. Rxe6 {Threatening mate with Re7+.} Rxa7 {[#]} 41. Re7+ $1 {Precision: White = 89%, Black = 21%.} 1-0

[Event "EYCC 2017"]
[Site "Mamaia"]
[Date "2017.09.05"]
[Round "1"]
[White "Bjerre, Jonas Buhl"]
[Black "Geher, Koppany"]
[Result "1/2-1/2"]
[WhiteElo "2357"]
[BlackElo "1961"]
[Annotator "TA"]
[PlyCount "66"]
[EventDate "2017.??.??"]
[EventType "swiss"]
[EventCountry "ROU"]
[SourceTitle "playchess.com"]
[Source "ChessBase"]
[SourceQuality "1"]

{[%evp 18,66,35,34,45,10,59,33,43,31,42,42,41,47,41,-6,25,-12,-16,-10,41,-22,-16,-18,-6,-49,-49,-49,-52,-52,-49,-54,-48,-46,-57,-79,-68,-77,-80,-69,0,0,0,-59,0,0,0,0,0,0,0]} 1. e4 c5 2. Nf3 e6 3. d4 cxd4 4. Nxd4 Nc6 5. Nc3 Qc7 6. Qd3 {B47: Sicilian: Taimanov: 5 Nc3 Qc7 6 f4, 6 g3 and 6 Be2} a6 7. Nxc6 dxc6 8. Qg3 Qxg3 9. hxg3 e5 10. Be3 {LiveBook: 4 Games} Be6 $146 ({Predecessor:} 10... Nf6 11. f3 Be6 12. g4 Nd7 13. g5 Be7 {½-½ (48) Chandra,A (2490)-Durarbayli,V (2608) Saint Louis 2016}) 11. O-O-O Bb4 12. a3 Bxc3 13. bxc3 Nf6 14. f3 Nd7 15. c4 c5 16. f4 Nf6 17. f5 Bd7 18. Rh4 b6 (18... Bc6 $11) 19. Bd3 (19. Rd6 $14) 19... Bc6 $11 20. Rdh1 Ke7 $36 {[%mdl 2048] Black is pushing.} 21. g4 {Black should prevent g5.} Nxe4 22. Rxh7 Rxh7 23. Rxh7 Rg8 24. g5 Nd6 25. g4 Bf3 {aiming for ...e4.} 26. Rh4 e4 27. Bf1 Rd8 28. Kb2 Ne8 (28... g6 $15 29. f6+ Ke6) 29. Bh3 Rd1 (29... Kd7 $11) 30. Rh7 $15 Re1 ({Better is} 30... Nd6 $15 31. Kb3 Rb1+ 32. Ka2 Rh1 33. f6+ gxf6) 31. Bd2 {The position is equal.} Re2 32. Bf4 {Strongly threatening f6+!} e3 {[#] Threatens to win with ...Be4.} 33. f6+ $1 {[%mdl 512]} gxf6 {Precision: White = 43%, Black = 41%.} 1/2-1/2

[Event "EYCC 2017"]
[Site "Mamaia"]
[Date "2017.09.05"]
[Round "1"]
[White "Ozenir, Ekin Baris"]
[Black "Yeremyan, Alen"]
[Result "0-1"]
[WhiteElo "2337"]
[BlackElo "2060"]
[Annotator "TA"]
[PlyCount "144"]
[EventDate "2017.??.??"]
[EventType "swiss"]
[EventCountry "ROU"]
[SourceTitle "playchess.com"]
[Source "ChessBase"]
[SourceQuality "1"]

{[%evp 13,144,16,16,-16,-12,-14,0,0,0,-41,-47,-41,-37,-41,0,-47,-15,-24,-12,-28,44,-92,-87,-73,-79,-82,-68,-78,-44,-51,0,0,119,104,102,137,112,125,118,94,145,37,124,115,264,254,318,324,284,239,232,233,207,145,128,140,154,0,0,0,0,0,0,-458,0,0,87,106,117,117,165,118,181,145,123,0,0,0,0,0,99,90,164,58,143,169,170,175,143,80,102,107,91,95,121,0,0,0,0,0,33,0,0,0,0,0,0,0,0,-12848,-12848,-29991,-12845,-12845,-12844,-12845,-12845,-12846,-12846,-12849,-12849,-29996,-29997,-29997,0,-12850,-12848,-12849,-12849,-12850,-12850,-29998,-29999]} 1. d4 Nf6 2. Bg5 Ne4 3. Bf4 c5 4. f3 Nf6 5. d5 e6 6. e4 {A45: Trompowsky Attack} exd5 7. exd5 d6 {LiveBook: 11 Games} 8. Na3 $146 {The position is equal.} ({Predecessor:} 8. Bb5+ Nbd7 9. Qe2+ Qe7 10. Nc3 a6 11. Bxd7+ Kxd7 12. O-O-O Qxe2 13. Ngxe2 {½-½ (52) Rodriguez Vila,A (2537)-So,W (2668) Khanty-Mansiysk 2010}) 8... Be7 9. Ne2 O-O 10. Ng3 a6 11. Nc4 b5 12. Ne3 h6 13. h4 Re8 14. Be2 (14. a4 $5 {[%cal Ra4b5]}) 14... Nh7 15. Nef5 Bxf5 16. Nxf5 Bf6 (16... Bf8 $11) 17. Nxd6 (17. c3 $1 $14 {keeps the upper hand.}) 17... Be5 $1 $17 18. Bxe5 Rxe5 19. Ne4 Rxd5 20. Qc1 $1 f5 21. Ng3 Qc7 (21... Nc6 $1 $15) 22. f4 $11 Nd7 (22... Nc6 $11) 23. O-O Rf8 24. c4 Rd4 25. cxb5 axb5 26. Bxb5 Nb6 ({Better is} 26... Kh8) 27. Qc3 (27. Qe3 $16) 27... Nf6 (27... Nd5 $1 $14 28. Bc4 Kh8 29. Bxd5 Rxd5) 28. Rac1 Qd8 (28... Rd5 $16) 29. Nxf5 $18 Nfd5 30. Qxc5 Rd2 31. Ne3 Qxh4 32. Nxd5 Nxd5 33. Rc2 Rxc2 34. Qxc2 Nxf4 35. Qc3 $2 (35. Qb3+ $1 $16 Kh7 36. a4) 35... Qg5 $1 $11 {[%csl Gf4][%cal Rg5g2]} 36. Bc4+ Kh8 $1 {[%csl Gf4][%cal Rg5g2]} 37. Rf2 Qc5 38. Kf1 $2 {[%mdl 8192]} (38. Qc2 $1 $11) 38... Qh5 $2 ({Black should play} 38... Nd5 $19 {[%csl Gf8][%cal Rc5f2]} 39. Rxf8+ Qxf8+ 40. Qf3 Qxf3+ 41. gxf3 Ne3+ 42. Ke2 Nxc4) 39. Kg1 Qd1+ (39... Qc5 $1 $11 {keeps the balance.} 40. Qc2 Qg5) 40. Rf1 $16 Qg4 {[%csl Gf4][%cal Rg4g2]} 41. Qf3 $1 $36 {[%cal Rf3g4][%mdl 2048] White has strong initiative.} Qg5 42. b3 $1 Qc5+ (42... Ne6 $16 43. Qd5 Qe3+ 44. Kh1 Rxf1+ 45. Bxf1 Nc5) 43. Kh1 Rf5 {[#]} 44. Rf2 (44. Qf2 $1 $16 {[%cal Rf2c5] Black must now prevent Qxc5.} Qe7 45. Re1) 44... Rf8 {Strongly threatening ...Ng6.} 45. Rd2 Qe7 $1 {[%cal Re7e1]} 46. Rd1 Ng6 (46... Rf5 $11 47. Rf1 Qh4+ 48. Kg1 Qe7) 47. Qg3 Nf4 (47... Ne5 $16) 48. Qg4 (48. Rf1 $18 Qe5 49. Qf3) 48... h5 (48... Qe5 $1 $14) 49. Qg3 h4 50. Qg4 g5 {[#]} 51. a4 ({White should try} 51. Qd7 $1 {[%cal Rd7e7]} Qe4 52. Qd4+ Qxd4 53. Rxd4) 51... Rd8 52. Rxd8+ Qxd8 53. Qf5 Qe7 54. Qg4 (54. Qa5 $16) 54... Kg7 $11 55. Qf3 Qe1+ 56. Qf1 Qe5 57. b4 Qe4 {Hoping for ...h3.} 58. Kg1 Qd4+ 59. Kh1 g4 60. a5 g3 {...h3! is the strong threat.} 61. Bb5 $2 {[%mdl 8192]} (61. Qc1 $11) 61... h3 $1 $19 {[%cal Rh3g2]} 62. Bc6 hxg2+ (62... Qf2 $142 63. Qa1+ Kg8 64. Bd5+ Nxd5 65. Qg1 Ne3 66. Qxf2 gxf2 67. Kh2 hxg2 68. Kh3 g1=Q 69. b5 f1=Q+ 70. Kh4 Qg4#) 63. Bxg2 Kg6 64. Qa6+ Kg5 {( -> ...Qh8+)} 65. Qb5+ Kg4 66. Bf3+ Kxf3 67. Qc6+ Kg4 {[%cal Rd4d1]} 68. Qc8+ Kf3 (68... Kh4 $142 69. Qe8 g2+ 70. Kh2 g1=Q#) 69. Qc6+ $1 Kf2 {[%cal Rd4d1]} 70. Qc2+ Ne2 {[%cal Rd4h4]} 71. Qf5+ Qf4 {[%csl Gf2][%cal Rg3g2]} 72. Qh3 Qf3+ {Precision: White = 49%, Black = 50%.} 0-1

[Event "EYCC 2017"]
[Site "Mamaia"]
[Date "2017.09.05"]
[Round "1"]
[White "Badelka, Olga"]
[Black "Pellicoro, Nathalie"]
[Result "1-0"]
[WhiteElo "2335"]
[BlackElo "1903"]
[Annotator "TA"]
[PlyCount "95"]
[EventDate "2017.??.??"]
[EventType "swiss"]
[EventCountry "ROU"]
[SourceTitle "playchess.com"]
[Source "ChessBase"]
[SourceQuality "1"]

{[%evp 14,95,58,60,68,49,64,56,61,47,74,28,61,55,59,57,43,27,26,27,31,24,23,30,19,16,12,21,19,16,28,0,67,54,84,47,64,60,77,45,119,122,117,99,120,102,191,172,159,66,72,70,72,47,494,497,486,459,481,412,606,516,458,414,407,432,596,415,2579,2409,29978,29979,29975,29979,29980,29982,29982,29982,29984,29985,29985,29986,29986,29987]} 1. c4 Nf6 2. d4 g6 3. Nc3 Bg7 4. e4 d6 5. Nge2 O-O 6. Ng3 Nc6 7. d5 Nb8 {E70: King's Indian: Miscellaneous lines with 4 e4, including 5 Nge2 and 5 Bd3 0-0 6 Nge2} (7... Ne5 8. Be2 h5 9. f4 Ned7 10. Be3 Nc5 11. Bf3 Ng4 12. Bd4 Bh6 13. b4 e5 14. fxe5 Na6 15. exd6 Qxd6 16. c5 {1-0 (40) Shankland,S (2676)-Hesham,A (2372) Khanty-Mansiysk 2017}) 8. Be2 {LiveBook: 6 Games} e6 9. O-O exd5 {White is slightly better.} 10. cxd5 Re8 $146 ({Find the theoretical novelty and annotate with similar games:} 10... c6 11. Bf4 cxd5 12. exd5 Ne8 13. Nge4 h6 14. Nb5 g5 15. Bxd6 Nxd6 16. Nbxd6 {1-0 (39) Derjabin,I (2209)-Soloviov,S (2417) Alushta 2001}) 11. Be3 Nbd7 12. Qc2 a6 13. Rac1 Qe7 14. b4 c6 15. dxc6 bxc6 16. Rfd1 Bb7 17. Qd2 d5 18. exd5 cxd5 19. Na4 Rac8 20. Nc5 $36 {[%mdl 2048] White has good play.} Nxc5 21. Bxc5 Qe6 22. Bf1 Ne4 (22... Ng4 $11) 23. Nxe4 $14 dxe4 24. Bc4 Qf6 $1 25. Qe2 Rcd8 26. a4 {[%cal Ba2a4,Ba4a5][%mdl 32]} Rxd1+ (26... Bf8 $14) 27. Rxd1 $16 ({Much worse is} 27. Qxd1 $6 Bh6 $11) 27... Rd8 28. a5 {Strongly threatening Rxd8+.} Rxd1+ 29. Qxd1 Qa1 (29... Bf8 $16 {was necessary.}) 30. Qxa1 $18 Bxa1 {[%mdl 4096] Endgame KBB-KBB} 31. Kf1 (31. b5 $16) 31... Bc3 $14 32. Ke2 Kg7 33. Ke3 f5 $2 {[%mdl 8192]} (33... Be1 $14) 34. Bd4+ $18 Bxd4+ 35. Kxd4 {KB-KB} Kf6 36. g3 g5 (36... Bc8 $142 37. b5 axb5 38. Bxb5 Ke6 39. Bc4+ Kd6) 37. Bd5 Bc8 {[#]} 38. g4 $1 {[%mdl 512]} e3 (38... fxg4 39. Bxe4) 39. fxe3 {[%cal Bf2e3,Be3e4][%mdl 32]} fxg4 40. Kc5 {Threatens to win with Kd6.} h5 (40... Ke5 $142 41. Bh1 Kf6) 41. Kd6 h4 42. e4 {White mates.} g3 43. hxg3 hxg3 44. e5+ Kf5 45. e6 Bxe6 46. Bxe6+ Kf4 47. Bd5 g4 {[#]} 48. b5 $1 {Precision: White = 65%, Black = 37%.} 1-0

[Event "EYCC 2017"]
[Site "Mamaia"]
[Date "2017.09.05"]
[Round "1"]
[White "Shubin, Kirill"]
[Black "Pedoson, Georg Aleksander"]
[Result "0-1"]
[WhiteElo "2331"]
[BlackElo "2036"]
[Annotator "TA"]
[PlyCount "79"]
[EventDate "2017.??.??"]
[EventType "swiss"]
[EventCountry "ROU"]
[SourceTitle "playchess.com"]
[Source "ChessBase"]
[SourceQuality "1"]

{[%evp 18,79,68,68,70,65,109,25,30,20,38,17,56,40,91,90,89,91,91,78,69,68,134,141,162,83,79,19,55,29,23,9,20,19,16,0,0,0,0,0,0,0,0,0,0,-73,-65,-61,-12,-95,-92,-87,-60,-140,-104,-107,-93,-207,-195,-220,-209,-331,-326,-306]} 1. e4 d5 2. exd5 Nf6 3. Nf3 Nxd5 4. d4 {[%cal Bd2d4,Bd4d5][%mdl 32]} g6 5. Be2 Bg7 6. O-O O-O 7. c4 Nb6 8. Nc3 Nc6 9. d5 Na5 10. c5 Bxc3 $1 {B01: Scandinavian Defence} 11. cxb6 Bg7 {[#]} 12. bxc7 (12. Bf4 $1 $16 axb6 13. b4) 12... Qxc7 $11 {White has an edge.} 13. Qa4 {Hoping for Bf4.} Bd7 14. Qh4 $146 (14. Bf4 $5 {[%cal Rf4c7]} Bxa4 15. Bxc7 $14) ({Predecessor:} 14. Qb4 Rfe8 15. Be3 b6 16. Rac1 Qd8 17. Nd4 e6 18. Nc6 {1-0 (37) Himdan,M (2350)-Mohamed,F (2365) Cairo 1997}) 14... b5 15. Bh6 f6 (15... Bf6 $14 16. Bg5 Qd6) 16. Bxg7 $16 Kxg7 17. Qb4 Rfe8 18. Rfe1 ({Of course not} 18. Bxb5 Rab8 $11) 18... a6 19. Rac1 Qd8 ({Black should try} 19... Qb6 $14) 20. Nd4 Nb7 {[%cal Ba5b7,Bb7d6,Bd6f7,Bf7e5][%mdl 32]} 21. Bd3 ({White should play} 21. Nc6 $18 Qc7 22. Bg4 Bxg4 23. Qxg4) 21... Nd6 22. Re3 (22. Nc6 $16 Bxc6 23. dxc6) 22... Qb6 23. Ne6+ Bxe6 $1 24. Rxe6 Qb7 25. Qd4 Rad8 26. Rc6 Nf7 27. h4 Ne5 28. Rc5 Rd6 29. Rxd6 exd6 30. Rc1 Rc8 31. Re1 {[#]} (31. Rxc8 $11 Qxc8 32. Qa7+ Qd7 33. Qd4) 31... Rc5 $1 $17 32. Be4 f5 33. Bf3 (33. Bxf5 $1 $11 {keeps the balance.} Rxd5 34. Be4 Rxd4 35. Bxb7) 33... Rc4 $36 {[%mdl 2048] Black is really pushing.} 34. Qe3 Qe7 35. Kf1 (35. h5 $15) 35... Rxh4 36. g3 Rc4 37. Bg2 (37. b3 $17 Rc5 38. Be2) 37... Qc7 $19 38. b3 Rc2 39. Qf4 (39. Qd4 $142 Rxa2 40. Bf3) 39... Qc3 40. Qh4 {Precision: White = 32%, Black = 49%.} 0-1

[Event "EYCC 2017"]
[Site "Mamaia"]
[Date "2017.09.05"]
[Round "1"]
[White "Suleymanli, Aydin"]
[Black "Cuttoli, Alexandre"]
[Result "1-0"]
[WhiteElo "2328"]
[BlackElo "1770"]
[Annotator "TA"]
[PlyCount "53"]
[EventDate "2017.??.??"]
[EventType "swiss"]
[EventCountry "ROU"]
[SourceTitle "playchess.com"]
[Source "ChessBase"]
[SourceQuality "1"]

{[%evp 18,53,-4,7,46,45,80,78,93,106,95,68,97,86,157,170,182,171,200,78,67,18,103,122,113,124,119,102,341,353,357,347,826,826,951,943,1031,993]} 1. d4 Nf6 2. c4 g6 3. Nc3 Bg7 4. e4 d6 5. f4 O-O 6. Nf3 Na6 7. Be2 e5 8. fxe5 dxe5 9. d5 Nc5 10. Bg5 {LiveBook: 31 Games} a5 {E76: King's Indian: Four Pawns Attack: Lines specific to 6 Nf3 move-order} (10... h6 11. Bxf6 Qxf6 12. b4 Nd7 13. a3 a5 14. c5 Qe7 15. Rc1 axb4 16. axb4 b6 17. d6 cxd6 18. Nd5 Qd8 19. c6 Nf6 20. c7 Qe8 21. Nxb6 {1-0 (31) Nguyen,N (2625)-Guseinov,G (2631) Khanty-Mansiysk 2013}) 11. Nd2 ({Not} 11. Nxe5 Qe8 $17) 11... c6 12. O-O h6 {White is better.} 13. Be3 $146 ({Predecessor:} 13. Bh4 Qd6 14. Kh1 Ne8 15. a3 a4 16. Bf2 f5 17. Bxc5 Qxc5 18. Nxa4 {½-½ (44) Vegh,E (2269)-Kerek,K (2259) Hungary 2016}) 13... Qe7 14. Kh1 Rd8 15. a3 Bd7 (15... a4 $142) 16. b4 $16 axb4 17. axb4 Na6 {[#]} 18. Rb1 (18. c5 $1 $18 {and the rest is easy.}) 18... Nxb4 19. Bb6 (19. d6 $5 Qxd6 20. c5 $16) 19... c5 (19... Rdc8 $11) 20. Nb3 $36 {[%mdl 2048] White is on the roll.} Na6 21. Bxd8 Qxd8 22. Qe1 Nh5 $2 {[#]} (22... b6 $16) 23. Bxh5 $18 gxh5 24. Qf2 f5 $2 (24... Be8 25. Nc1 b6) 25. exf5 {White is clearly winning.} Qg5 26. Ne4 Qf4 27. Qe1 {Precision: White = 62%, Black = 12%.} 1-0

[Event "EYCC 2017"]
[Site "Mamaia"]
[Date "2017.09.05"]
[Round "1"]
[White "Schitco, Ivan"]
[Black "Cespedes Llaverias, Llibert"]
[Result "1-0"]
[WhiteElo "2315"]
[BlackElo "1962"]
[Annotator "TA"]
[PlyCount "55"]
[EventDate "2017.??.??"]
[EventType "swiss"]
[EventCountry "ROU"]
[SourceTitle "playchess.com"]
[Source "ChessBase"]
[SourceQuality "1"]

{[%evp 17,55,25,13,14,12,0,0,0,0,0,0,15,26,30,16,0,1,0,0,-17,-14,-14,24,0,36,0,0,0,759,757,1212,1152,997,960,989,716,762,762,29987,29988]} 1. d4 d5 2. c4 dxc4 3. e3 Nf6 4. Nf3 e6 5. Bxc4 c5 6. O-O Nc6 7. Nc3 cxd4 8. exd4 Be7 9. Re1 O-O {LiveBook: 112 Games. D26: Queen's Gambit Accepted: 4 e3 e6 5 Bxc5 c5 sidelines} 10. Be3 (10. a3 b6 11. d5 Na5 12. Ba2 Nxd5 13. Nxd5 exd5 14. Qxd5 Be6 15. Qxd8 Raxd8 16. Bxe6 fxe6 17. b4 Nb3 18. Rb1 Nxc1 19. Rbxc1 {1-0 (30) Sumets,A (2569)-Shanava,K (2524) Konya 2017}) 10... b6 11. Qe2 Na5 $146 {The position is equal.} ({Predecessor:} 11... Nb4 12. Ne5 Bb7 13. Rad1 Nbd5 14. Bg5 Rc8 15. Rd3 Nxc3 16. bxc3 Nd5 17. Bxe7 Qxe7 {½-½ (18) De Boer,G (2410)-Elyoseph,H (2315) Tel Aviv 1987}) 12. Bd3 Bb7 13. Ne5 Nc6 14. Rad1 Nb4 15. Bb1 Nbd5 16. Qd3 Nb4 17. Qd2 Rc8 18. a3 Nbd5 19. Bg5 Re8 (19... Nd7 $5 {[%cal Re7g5]} 20. Bxe7 Qxe7 $11) 20. Qd3 h6 21. Bxf6 Nxf6 22. Ng4 {aiming for Nxf6+.} g6 $2 {[%mdl 8192]} (22... Kf8 $11 23. Ne5 Bd6) 23. Nxh6+ $18 Kg7 {[#]} 24. Nxf7 $1 {[%mdl 512]} Kxf7 25. Qxg6+ Kf8 26. Qh6+ Kg8 27. Rxe6 {Intending Ba2 and mate.} Rc6 28. Ba2 {Precision: White = 61%, Black = 38%.} 1-0